Famous Artists by Their Art - Statistics

General Stats
  • This quiz has been taken 26 times
  • The average score is 10 of 16
Answer Stats
Picture Answer % Correct
Leonardo da Vinci
100%
Pablo Picasso
100%
Vincent van Gogh
100%
Frida Kahlo
91%
Michelangelo
91%
Andy Warhol
86%
Rembrandt van Rijn
82%
Salvador Dali
82%
Johannes Vermeer
77%
Claude Monet
73%
Jackson Pollock
50%
Henri Matisse
45%
Georgia O'Keeffe
36%
David Hockney
14%
Artemisia Gentileschi
0%
Yayoi Kusama
0%
No matching quizzes found
Score Distribution
Percent of People with Each Score
Percentile by Number Answered
Your Score History
You have not taken this quiz